| 000 | 00410nam a22001217a 4500 | ||
|---|---|---|---|
| 999 |
_c2005 _d2005 |
||
| 008 | 200210b ||||| |||| 00| 0 eng d | ||
| 110 |
_976 _aInternational Maritime Organization |
||
| 245 | 1 | 0 |
_aIMDG Code 2000 edition _cby International Maritime Organization |
| 260 |
_aLondon _bInternational Maritime Organization _c2000 |
||
| 300 | _a2v.(iv,377p.;xii,411p.) | ||
| 650 | 0 | _aNavigation--Safety measures | |
| 942 | _cBK | ||